000 nam a22 a 4500
999 _c1712
_d1712
005 20170511143236.0
008 170511b1983 -cu||||| |||| 00| 0 eng d
020 _a013504555X
040 _aAKMAL
082 _a332.60971 HAT
090 _a332.60971
_bHAT
100 _aJames E. Hatch
_93530
245 _aInvestment Management in Canada /
_cJames E.Hatch
260 _aCanada
_bJohn Deyell Company
300 _a574 p.
_ccm
942 _2ddc
_cBOOK